000 00716nam a2200253Ia 4500
003 OSt
005 20220918164321.0
006 a|||||r|||| 00| 0
007 ta
008 220917b |||||||| |||| 00| 0 eng d
020 _a0521458501 (pbk)
024 _a41,747
037 _cTextual
040 _aARTS
_cARTS
_beng
041 _2eng
_aeng
082 _aV44Q7y7M76, M5;N4
100 _aJalal Ayesha Ed.
_918282
245 0 _aSole spokesman
_b Jinnah, the Muslim League and the demand for Pakistan
260 _aCambridge
_bCUP
_c1994
300 _axix,310p.
_ccm.
650 _aHISTORY
942 _hV44Q7y7M76, M5;N4
_cTEXL
_2CC
999 _c124223
_d124223